|
|
|
|
| LEADER |
01008pam a22002538a 4500 |
| 001 |
00044227 |
| 005 |
20190513140501.0 |
| 008 |
161019s2015 ||||||Viesd |
| 020 |
# |
# |
|a 978 604 62 0952 2
|c 50000
|
| 041 |
0 |
# |
|a Vie
|
| 082 |
1 |
4 |
|a 005.1
|b GI108TR
|
| 100 |
1 |
# |
|a Trương, Ninh Thuận
|
| 245 |
1 |
0 |
|c Trương Ninh Thuận; Đặng Đức Hạnh
|a Giáo trình phân tích và thiết kế hướng đối tượng
|
| 260 |
# |
# |
|a Hà Nội
|b Đại học Quốc gia Hà Nội
|c 2016
|
| 300 |
# |
# |
|a 234 tr.
|c 24 cm.
|
| 500 |
# |
# |
|a ĐTTS ghi: Đại học Quốc gia Hà Nội. Trường đại học công nghệ
|
| 653 |
# |
# |
|a Giáo trình
|
| 653 |
# |
# |
|a Phân tích
|
| 653 |
# |
# |
|a Thiết kế
|
| 653 |
# |
# |
|a mô hình
|
| 700 |
1 |
# |
|a Đặng, Đức Hạnh
|
| 852 |
# |
# |
|j KGT.0057021
|j KGT.0057024
|j KGT.0057023
|j KGT.0057022
|j KD.0025839
|
| 910 |
# |
# |
|d 13/5/2019
|
| 980 |
# |
# |
|a Trung tâm Học liệu Lê Vũ Hùng, Trường Đại học Đồng Tháp
|